Brands part 1 - Statistics

General Stats
  • This quiz has been taken 12 times
  • The average score is 11 of 16
Answer Stats
Picture Answer % Correct
Apple
100%
BMW
100%
Domino's
100%
McDonald's
100%
Pringles
100%
Starbucks
100%
Toyota
100%
Among Us
91%
Ferrari
82%
Samsung
82%
Brawl Stars
64%
Yamaha
45%
Huawei
36%
Counter Strike 2
9%
Dota 2
9%
Xiami
9%
No matching quizzes found
Score Distribution
Percent of People with Each Score
Percentile by Number Answered
Your Score History
You have not taken this quiz